00414nam a2200169Ia 4500008004100000020001800041050001400059100002200073245003400095245002500129260001500154260001600169260000900185300001600194300002600210500000800236170918s9999 xx 000 0 und d a9780439559690 bS857 2000 aStilton, Geronimo aRed pizzas for a blue count / cby Geronimo Stilton. aNew York : bScholastic, c2000 a116 pages : bcolor illustrations ; a580